Augsburg Kader 2024/25 - Statistiken

Allgemein
  • Dieses Quiz wurde 110 mal gespielt
  • Das Durchschnittsergebnis liegt bei 16 aus 28
Antwortstatistiken
Nationalität Spieler % Korrekt
Deutschland Finn Dahmen
93%
Deutschland Phillip Tietz
76%
DR Kongo/Frankreich Samuel Essende
73%
Frankreich Alexis Claude-Maurice
70%
Kroatien Kristijan Jakic
70%
Frankreich/Kongo Chrislain Matsima
69%
Griechenland Dimitrios Giannoulis
67%
Deutschland/Türkei Mert Kömür
67%
Finnland Frederik Jensen
66%
Kroatien Nediljko Labrovic
64%
Deutschland Arne Maier
63%
Nigeria Frank Onyeka
63%
Deutschland Keven Schlotterbeck
63%
Schweiz Cedric Zesiger
60%
Deutschland Marius Wolf
60%
USA/Deutschland Noahkai Banks
60%
Polen Robert Gumny
60%
Niederlande Jeffrey Gouweleeuw
57%
Schweiz Ruben Vargas
57%
Dänemark Mads Pedersen
53%
Benin/Frankreich Steve Mounie
53%
Belgiein Arne Engels
49%
Kosovo/Deutschland Elvis Rexhbecaj
49%
Deutschland Maximilian Bauer
40%
Deutschland/Türkei Yusuf Kabadayi
40%
Deutschland/Togo Henri Koudossou
27%
Deutschland Niklas Dorsch
27%
Deutschland Tim Breithaupt
26%
Keine übereinstimmenden Quizze gefunden
Verteilung der Resultate
Anzahl Personen mit jedem Resultat
Perzentil nach korrekt beantworteten Fragen
Ihre Resultats-Entwicklung
Sie haben dieses Quiz noch nicht gespielt